Titres de chansons traduits littéralement #3 - Statistiques

Statistiques générales
  • Ce quiz a été pris 18 fois
  • Le résultat moyen est 4 sur 15
Statistiques - réponses
Titres Artiste Réponse % Correct
Braguette-Moi Jusqu'à La Lune Frank Sinatra Fly Me To The Moon
73%
Jean-Jean Sois Bon Chuck Berry Johnny Be Goode
73%
Pan Pan (Mon Bébé m'a Flingué) Nancy Sinatra Bang Bang (My Baby Shot Me Down)
67%
Madame Fils de Robin Simon & Garfunkel Mrs. Robinson
67%
Cuisine de l'Âme The Doors Soul Kitchen
47%
Trop de Potes Placebo Too Many Friends
40%
Surgis (De l'Autre Côté) The Doors Break On Through (To the Other Side)
27%
Aphrodite Shocking Blue Venus
20%
Visqueuse Visqueuse Boue The Cramps Goo Goo Muck
13%
Métamorphose (dans la maison des diptères) Deftones Change (in the House of Flies)
0%
C'est Cool d'Être Carré Huey Lewis & The News Hip To Be Square
0%
Bipolarité Jimi Hendrix Manic Depression
0%
Exploseur d'Étoile Fontaines D.C. Starburster
0%
Entreprise de Bailleurs d'Étoile Nine Inch Nails Starfuckers, Inc.
0%
Secrétaire Intérimaire Paul McCartney Temporary Secretary
0%
Aucun quiz correspondant
Distribution des résultats
% des personnes avec chaque résultat
Percentile par nombre de réponses
Votre historique - résultats
Vous n’avez pas pris ce quiz